000 00718na a2200253 4500
001 24495
003 MIRAKIL
005 20181213155335.0
008 181120b tu 000 0
020 _a8263234
040 _aMilas
_btur
_cTR-AnCHP
041 _atur
082 _a327.5610174927
_bK87t 1998
090 _a327.5610174927 K87t 1998
100 _aKutay, Cemal
245 _aTarihte Türkler Araplar hilafet meselesi
_cCemal Kutay
250 _a2. bs.
260 _aİstanbul
_bAksoy yayıncılık
_c1998
300 _a231 s.
_bres.
_c24 sm.
650 _aDış ilişkiler
_xTürkiye
_xTarih
650 _aOsmanlı İmparatorluğu
_xTarih
650 _aHalifelik
_xTürkiye
_xTarih
942 _2ddc
_cBKS
999 _c10854
_d10854